02017cam a22003734i 4500003000900000005001700009008004100026035001900067040003300086082002200119245009500141250002300236264008300259300003900342336002100381337002500402338002300427504003400450505093700484526001001421526001001431526001001441526001001451526000801461526000801469526000801477526000801485526000801493526000801501526000801509650004401517650004201561700004001603PE-LiUPU20250731173123.0150623s1963 ny r 001 0 eng d a(Sirsi) a25770 aPE-LiUPUbspacPE-LiUPUerda04a270.072bD63722300aDocuments of the christian church /cseleccionado y editado por Henry Bettenson Scowcroft. aSegunda edición. 1aLondon, Oxford, New York :bOxford University Press, Oxford Paperbacks,c1963. a343 páginas ;c20 centímetros. atext2rdacontent aunmediated2rdamedia avolume2rdacarrier aÍndice : páginas 337-343.0 aThe early church (To the council of chalcedon, 451): the church and the world. Creeds. The earliest testimony to the gospels. The person and work of Christ. The problem of the relation of the divinity and the humanity in Christ. Pelagianism, the nature of man, sin, and grace. The church, the ministry, and the sacraments. The authority of the holy see. Doctrine and development. The vincentian canon. Christian inscriptions. From the council of chalcedon to the present: From chalcedon to the breach between east and west. The empire and the papacy. Monasticism and the friars. The church and heresy. The conciliar movement. Scholasticism. The church in England until the reformation. The reformation on the continent. The reformation in England. Dissent in England. The roman church from the counter - reformation to the present. The english church from the reformation to the present. The church of scotland. Christian unity. aSEG42 aSEG41 aSEG40 aSEG39 aP94 aP87 aP86 aP85 aP77 aP76 aP3504aIglesiaxHistoriayPeríodo primitivo.04aReforma y contrareformay1517 - 1648.1 aBettenson, Henry Scowcroft.eeditor